Židovská komunita v meste Košice

Bibliographic Details
Main Author: Ackerman, Jakub, 1987- (Author, Photographer)
Format: Book
Language:Slovak
PhysicalDescription:97 strán 21 cm
Published: [Košice] [Jakub Ackerman] 2020
ISBN:9788057019718
Subjects:

MARC

LEADER 00000nam a2200000 4500
001 vtls012018599
003 SK-MaSNL
005 20260301104109.0
008 210906s2020 xo o grn 000 0dslo
015 |a SNBA2021/06 
020 |a 9788057019718  |q (brožované) 
035 |a urn:nbn:sk:snk-am00fhay 
035 |a urn:nbn:sk:snk-am3iv5d 
035 |a 99930328-B8D9-43CF-B7CF-87CF2118509A 
040 |a SNK  |b slo  |c SNK  |e rda 
041 0 |a slo 
043 |a e-xo--- 
044 |a xo  |c SK 
072 7 |a 26  |x Judaizmus  |2 konspekt 
080 |a (=411.16)  |2 2011 
080 |a 26-784  |2 2011 
080 |a 94(=411.16)  |2 2011 
080 |a (437.672)  |2 2011 
080 |a (048.8)  |2 2011 
100 1 |a Ackerman, Jakub,  |d 1987-  |4 aut  |4 pht  |9 214060 
245 1 0 |a Židovská komunita v meste Košice  |c Jakub Ackerman 
264 1 |a [Košice]  |b [Jakub Ackerman]  |c 2020 
300 |a 97 strán  |c 21 cm 
336 |a text  |b txt  |2 rdacontent 
337 |a bez média  |b n  |2 rdamedia 
338 |a zväzok  |b nc  |2 rdacarrier 
500 |a Vydavateľské údaje podľa NA ISBN 
500 |a Obsahuje biografické údaje o autorovi 
504 |a Bibliografia na strane 94-96, bibliografické odkazy 
650 0 7 |a Židia  |2 SNKPH  |9 3760 
650 0 7 |a židovské komunity  |2 SNKPH  |9 93160 
650 0 7 |a Jews  |2 SNKPHeng  |9 267345 
650 0 7 |a Jewish communities  |2 SNKPHeng  |9 312980 
651 7 |a Košice (Slovensko)  |2 SNKPHgeo  |9 18694 
651 7 |a Košice (Slovakia)  |2 SNKPHeng  |9 265902 
655 7 |a monografie  |2 SNKPH  |9 70139 
655 7 |a Monographs  |2 SNKPHeng  |9 120675 
919 |a 978-80-570-1971-8 
958 |a NB 
999 |c 697235  |d 699165 
952 |a SNK  |b SNK  |y PREZ  |7 0  |p 17A1449910  |o snkSC 191989  |i snk2021/1790  |8 0  |0 0  |1 0  |4 0  |d 2021-03-17  |f 1  |l 0  |r 2025-10-09 00:00:00  |w 2026-02-23 
952 |a SNK  |b SNK  |y VYP  |7 0  |p 17A1449911  |o snkSC 191989 D1  |i snk2021/1791  |8 0  |0 0  |1 0  |4 0  |d 2021-03-17  |l 0  |r 2026-02-23 20:46:07  |w 2026-02-23